| 000 | 00820nam a2200241 a 4500 | ||
|---|---|---|---|
| 001 | 32755 | ||
| 003 | BD-RjUL | ||
| 005 | 20211209051905.0 | ||
| 008 | 140428s1962 us b 001 0 eng d | ||
| 035 |
_aOCLC 1025056 from rgo062 _a(BD-RjUL)32845 |
||
| 040 |
_aIAU _dOCL _dWSU _dBD-RjUL _beng _cBD-RjUL |
||
| 041 | _aeng | ||
| 082 |
_a915.6 _bGRM 1962 _223 |
||
| 100 | 1 |
_aGrunebaum, Gustave E. von _q(Gustave Edmund), _d1909-1972 _998439 |
|
| 245 | 1 | 0 |
_aModern Islam : _bthe search for cultural identity / _cG.E. von Grunebaum |
| 260 |
_aBerkeley : _bUniversity of California Press, _cc1962. |
||
| 300 |
_aviii, 303 p. ; _c24 cm |
||
| 504 | _aIncludes bibliographic references and index. | ||
| 650 | 0 |
_aIslamic civilization _999600 |
|
| 650 | 0 |
_aNationalism _zArab countries _976911 |
|
| 942 |
_2ddc _cBK |
||
| 999 |
_c32755 _d32755 |
||